000 00934nam a2200181Ia 4500
008 100920s9999 xx 000 0 und d
082 _b82059
_a891.464 न 02
100 _aसंपादन-सुरवाडे विजय.
245 _aडॉ. बाबासाहेब आंबेडकरांची निवडक भाषणे भाग पहिला (1920-1936).
260 _bलोकवाङ्रमय गृह प्रा. लि., मुंबई.
_c2002
300 _a228
_bसाधी
365 _b200
520 _aनिबंध.
630 _aडॉ. बाबासाहेब आंबेडकरांची निवडक भाषणे भाग पहिला (1920-1936).
650 _aनिबंध.
730 _aडॉ. बाबासाहेब आंबेडकरांची निवडक भाषणे भाग पहिला (1920-1936).
942 _cBOOK
999 _c722809
_d722806